|
|
|
|
| LEADER |
00000ntm a22000007u 4500 |
| 001 |
zp35804 |
| 041 |
|
|
|a cze
|
| 100 |
1 |
|
|a Pščolková, Miroslava
|4 dis
|
| 245 |
1 |
0 |
|a Moderní člověk a spirituální dimenze
|
| 246 |
|
|
|a Modern Man and Spiritual Dimension
|
| 260 |
|
|
|c 2015
|
| 300 |
|
|
|a 130 s. (197 400 znaků)
|
| 500 |
|
|
|a Studijní obor: Sociální pedagogika
|
| 500 |
|
|
|a Studijní obor: Social pedagogy
|
| 500 |
|
|
|a Ústav: Institut mezioborových studií
|
| 500 |
|
|
|a Univerzita Tomáše Bati ve Zlíně. Fakulta humanitních studií
|
| 500 |
|
|
|a Tomas Bata University in Zlín. Faculty of Humanities
|
| 506 |
|
|
|a Bez omezení
|
| 653 |
|
|
|a Moderní člověk
|
| 653 |
|
|
|a spirituální dimenze
|
| 653 |
|
|
|a duchovní oblast
|
| 653 |
|
|
|a náboženství
|
| 653 |
|
|
|a sekta
|
| 653 |
|
|
|a okultismus
|
| 653 |
|
|
|a mytologie
|
| 653 |
|
|
|a církev
|
| 653 |
|
|
|a věřící
|
| 653 |
|
|
|a nevěřící
|
| 653 |
|
|
|a vztahy mezi lidmi
|
| 653 |
|
|
|a víra v Boha/vyšší moc
|
| 653 |
|
|
|a spirituální cítění
|
| 653 |
|
|
|a individualismus
|
| 653 |
|
|
|a materialismus
|
| 653 |
|
|
|a láska
|
| 653 |
|
|
|a soucit
|
| 653 |
|
|
|a dobrotivý
|
| 653 |
|
|
|a zákon
|
| 653 |
|
|
|a právo
|
| 653 |
|
|
|a pořádek
|
| 653 |
|
|
|a morálka
|
| 653 |
|
|
|a svědomí
|
| 653 |
|
|
|a zdravý rozum
|
| 653 |
|
|
|a Modern man
|
| 653 |
|
|
|a spiritual dimension
|
| 653 |
|
|
|a spiritual area
|
| 653 |
|
|
|a religion
|
| 653 |
|
|
|a sect
|
| 653 |
|
|
|a occultism
|
| 653 |
|
|
|a mythology
|
| 653 |
|
|
|a church
|
| 653 |
|
|
|a believer
|
| 653 |
|
|
|a non-believer
|
| 653 |
|
|
|a relationships between people
|
| 653 |
|
|
|a faith in God
|
| 653 |
|
|
|a belief in a higher power
|
| 653 |
|
|
|a spiritual feeling
|
| 653 |
|
|
|a individualism
|
| 653 |
|
|
|a materialism
|
| 653 |
|
|
|a love
|
| 653 |
|
|
|a mercy
|
| 653 |
|
|
|a compassion
|
| 653 |
|
|
|a gracious
|
| 653 |
|
|
|a law
|
| 653 |
|
|
|a justice
|
| 653 |
|
|
|a order
|
| 653 |
|
|
|a morality
|
| 653 |
|
|
|a conscience
|
| 653 |
|
|
|a common sense
|
| 655 |
|
4 |
|a diplomová práce
|
| 700 |
1 |
|
|a Dolák, Antonín
|4 ths
|
| 710 |
2 |
|
|a Univerzita Tomáše Bati ve Zlíně. Fakulta humanitních studií
|4 dgg
|
| 710 |
2 |
|
|a Tomas Bata University in Zlín. Faculty of Humanities
|4 dgg
|
| 856 |
4 |
0 |
|u http://hdl.handle.net/10563/32318
|y Plný text v Digitální knihovně UTB
|